Environmentálne smernice Európskeho parlamentu a Rady Európskej únie
V decembri 2002 Schválil Európsky parlament a Rada Európskej únie dve nové smernice s cieľom redukovať rastúce množstvo elektroodpadu. Smernica 2002/96/ES (WEEE) o odpade z elektrických a elektronických zariadení. Dôvody prijatia smernice. Rozsah pôsobnosti smernice. Najdôležitejšie opatrenia smerni...
Uložené v:
| Hlavný autor: | |
|---|---|
| Ďalší autori: | , |
| Médium: | Kapitola |
| Jazyk: | Slovak |
| Predmet: | |
| Tagy: |
Žiadne tagy, Buďte prvý, kto otaguje tento záznam!
|
MARC
| LEADER | 00000naa$a2200000$$$4500 | ||
|---|---|---|---|
| 001 | 0035134 | ||
| 005 | 20231018133142.4 | ||
| 041 | 0 | |a slo | |
| 044 | |a SK | ||
| 245 | 1 | 0 | |a Environmentálne smernice Európskeho parlamentu a Rady Európskej únie |c Roman Koleňák, Monika Koleňáková, Koloman Ulrich |
| 520 | |a V decembri 2002 Schválil Európsky parlament a Rada Európskej únie dve nové smernice s cieľom redukovať rastúce množstvo elektroodpadu. Smernica 2002/96/ES (WEEE) o odpade z elektrických a elektronických zariadení. Dôvody prijatia smernice. Rozsah pôsobnosti smernice. Najdôležitejšie opatrenia smernice WEEE. | ||
| 610 | 2 | 0 | |a smernice |
| 610 | 2 | 0 | |a odpad |
| 610 | 2 | 0 | |a elektronika |
| 610 | 2 | 0 | |a zber surovín |
| 610 | 2 | 0 | |a environmentalistika |
| 610 | 2 | 0 | |a ochrana prostredia životného |
| 610 | 2 | 0 | |a výrobcovia |
| 610 | 2 | 0 | |a zodpovednosť |
| 100 | 1 | |a Koleňák, Roman | |
| 700 | 1 | |a Koleňáková, Monika | |
| 700 | 1 | |a Ulrich, Koloman | |